Experimental psychology : (Record no. 18068)
[ view plain ]
| 000 -LEADER | |
|---|---|
| fixed length control field | 00695nam a22002537a 4500 |
| 003 - CONTROL NUMBER IDENTIFIER | |
| control field | OSt |
| 005 - DATE AND TIME OF LATEST TRANSACTION | |
| control field | 20140310182959.0 |
| 008 - FIXED-LENGTH DATA ELEMENTS--GENERAL INFORMATION | |
| fixed length control field | 130208t xxu||||| |||| 00| 0 eng d |
| 020 ## - INTERNATIONAL STANDARD BOOK NUMBER | |
| International Standard Book Number | 9789718558546 |
| 050 ## - LIBRARY OF CONGRESS CALL NUMBER | |
| Classification number | BF 181 |
| Item number | .T819 2010 |
| 082 ## - DEWEY DECIMAL CLASSIFICATION NUMBER | |
| Classification number | Psych-Fil 150.72 |
| Item number | .Tr73 2010 |
| 245 ## - TITLE STATEMENT | |
| Title | Experimental psychology : |
| Remainder of title | theories and behavioral applications |
| Statement of responsibility, etc | Tria, Geraldine E. |
| 250 ## - EDITION STATEMENT | |
| Edition statement | 2nd ed. |
| 260 ## - PUBLICATION, DISTRIBUTION, ETC. (IMPRINT) | |
| Place of publication, distribution, etc | Quezon City, Philippines |
| Name of publisher, distributor, etc | Ken Inc. |
| Date of publication, distribution, etc | c2010 |
| 300 ## - PHYSICAL DESCRIPTION | |
| Extent | 143 p. |
| Dimensions | 25 cm. |
| 521 ## - TARGET AUDIENCE NOTE | |
| Target audience note | |
| 526 ## - STUDY PROGRAM INFORMATION NOTE | |
| Reading level | 1210L-1700L |
| 541 ## - IMMEDIATE SOURCE OF ACQUISITION NOTE | |
| -- | 1 |
| 541 ## - IMMEDIATE SOURCE OF ACQUISITION NOTE | |
| -- | 2 |
| 541 ## - IMMEDIATE SOURCE OF ACQUISITION NOTE | |
| -- | 3 |
| 541 ## - IMMEDIATE SOURCE OF ACQUISITION NOTE | |
| -- | 4 |
| 562 ## - COPY AND VERSION IDENTIFICATION NOTE | |
| Number of copies | 4 |
| 942 ## - ADDED ENTRY ELEMENTS (KOHA) | |
| Source of classification or shelving scheme | Library of Congress Classification |
| Koha item type | Books |
| Call number prefix | |
| Withdrawn status | Lost status | Source of classification or shelving scheme | Damaged status | Home library | Current library | Shelving location | Date acquired | Source of acquisition | Total Checkouts | Total Renewals | Full call number | Barcode | Date last seen | Date checked out | Copy number | Price effective from | Koha item type |
|---|---|---|---|---|---|---|---|---|---|---|---|---|---|---|---|---|---|
| Library of Congress Classification | Archives | Archives | 02/08/2013 | Donation | 1 | 1 | BF 181 .T819 2010 | C12691 | 05/08/2018 | 09/26/2016 | 1 | 02/08/2013 | Books | ||||
| Library of Congress Classification | Archives | Archives | 05/21/2013 | Donation | BF 181 .T819 2010 | C12690 | 05/08/2018 | 2 | 05/21/2013 | Books | |||||||
| Library of Congress Classification | College Library | College Library | Filipiniana Section | 05/21/2013 | BF 181 .T819 2010 | c12121 | 05/08/2018 | 3 | 05/21/2013 | Books | |||||||
| Library of Congress Classification | College Library | College Library | Filipiniana Section | 05/21/2013 | 1 | BF 181 .T819 2010 | c12122 | 05/08/2018 | 05/18/2017 | 4 | 05/21/2013 | Books |